000 00576nam a22001937a 4500
005 20140611120104.0
010 _aENG-110084
020 _a9788120349582
_c895.00
035 _aEN-93617
037 _bDBAD/PUB
082 _a005.8
100 _aMiller, David R.
245 _aCISSP training kit /
_cby David R. Miller
260 _aDelhi
_bPHI Learning
_c2014
270 _aRimjhim House, 111,Patparganj Industrial Estate
_bDelhi
_e110092
300 _axxxix,770p. :
_c24cm(pbk)
_bill
_e1CD-ROM
500 _aIncludes index
942 _2ddc
_cEN
_mMIL
_h005.8
999 _c84699
_d84699